Normal view
MARC view
- ميرزا،عباس علي/ م. مشارك: جراهام جيه هولت، ماغنوس اوريل
Entry Personal Name
001 - CONTROL NUMBER
- control field: 28463
003 - CONTROL NUMBER IDENTIFIER
- control field: JO-AjAnu
005 - DATE AND TIME OF LATEST TRANSACTION
- control field: 20230606074825.0
008 - FIXED-LENGTH DATA ELEMENTS
- fixed length control field: 230606|| aca||aabn | a|a d
040 ## - CATALOGING SOURCE
- Original cataloging agency: JO-AjAnu
- Transcribing agency: JO-AjAnu
100 ## - HEADING--PERSONAL NAME
- Personal name: ميرزا،عباس علي/ م. مشارك: جراهام جيه هولت، ماغنوس اوريل
670 ## - SOURCE DATA FOUND
- Source citation: Work cat.: (JO-AjAnu)14611: ميرزا،عباس علي/ م. مشارك: جراهام جيه هولت، ماغنوس اوريل, author, المعايير الدولية لاعداد التقارير المالية: كتاب ودليل=IFRS International Financial Reporting Standards : Workbook&Guide